Bioaccumulation in kangkong (Ipomea aquatica) grown along the Laguna Lake in Taytay, Rizal, Philippines / (Record no. 72950)

MARC details
000 -LEADER
fixed length control field 03039nam a22002777i 4500
003 - CONTROL NUMBER IDENTIFIER
control field URS
005 - DATE AND TIME OF LATEST TRANSACTION
control field 20240412231310.0
008 - FIXED-LENGTH DATA ELEMENTS--GENERAL INFORMATION
fixed length control field 170207b xxu||||| |||| 00| 0 eng d
050 14 - LIBRARY OF CONGRESS CALL NUMBER
Classification number QK495.C78
Item number D3656 2016
100 1# - MAIN ENTRY--PERSONAL NAME
Personal name De Guzman, Angela Mendoza,
Relator term author
245 10 - TITLE STATEMENT
Title Bioaccumulation in kangkong (Ipomea aquatica) grown along the Laguna Lake in Taytay, Rizal, Philippines /
Statement of responsibility, etc. Angela Mendoza De Guzman
260 #1 - PUBLICATION, DISTRIBUTION, ETC.
Date of publication, distribution, etc. 2016.
300 ## - PHYSICAL DESCRIPTION
Extent xiv, 122 leaves :
Other physical details color illustrations ;
Dimensions 28 cm
336 ## - CONTENT TYPE
Source rdacontent
Content type term text
337 ## - MEDIA TYPE
Source rdamedia
Media type term unmediated
338 ## - CARRIER TYPE
Source rdacarrier
Carrier type term volume
502 ## - DISSERTATION NOTE
Dissertation note Thesis
Degree type Bachelor of Science in Environmental Science
Name of granting institution University of Rizal System - Tanay
Year degree granted 2016
504 ## - BIBLIOGRAPHY, ETC. NOTE
Bibliography, etc. note Includes bibliographical references
520 ## - SUMMARY, ETC.
Summary, etc. This study focuses on the assessment of the risks to human health associated with the exposure to heavy metals bioaccumulation in kangkong (Ipomea aquatica) grown along the Laguna Lake along lakeshore of Taytay, Rizal. Samples of water and plant were collectedin three selected sampling sites along the shores of the lake with land uses such as agricultural, industrial and residential last December 2015, almost two weeks after the Typhoon Nona (International Name: Melor). Coordinates of sampling site and points location were recorded using Global Positioning System (GPS) and plotted in Geographic Information System (GIS) digital maps. Heavy metal analyses for arsenic (As), cadmium (Cd) and lead (Pb) were carried out by an accredited laboratory using the Inductively Coupled Plasma Spectrometry (ICPS) and Hydride Vapor Generator that is attached to an Atomic Absorption Spectrophotometry System (HVG-AAS). The potential of hydrogen (pH) in water was measured using pH meter. The data of pH, As, Cd and Pb concentrations of water is all sampling sites were within the water quality and prescribed safe levels for Class C waters set by the DENR. The Pb concentrations of the edible parts of the plants in S3 (residential land) exceeded the maximum permissible limit for lead (0.3 mg/kg) for leafy vegetables set by Codex Alimentarius Commission for human consumption. Estimates of health risks associated with plant consumption were summarized according to non-carcinogenic and carcinogenic health effects. Non-carcinogenic Health Quotient (NHQ) values of the three heavy metals showed that lead is the most urgent pollutant of concern in terms of adverse health effects from risks associated with plant consumption from two sampling sites (S2 and S3). Likewise, hazard index in S2 and S3 indicated unacceptable adverse health risks with values .1.0. In contrast, potential carcinogenic effects of arsenic (Class A human carcinogen through oral route of exposure) levels are low.
586 ## - AWARDS NOTE
Awards note Best Thesis
650 #0 - SUBJECT ADDED ENTRY--TOPICAL TERM
Topical term or geographic name entry element Ipomoea aquatica
Geographic subdivision Philippines
-- Tanay (Rizal)
650 #0 - SUBJECT ADDED ENTRY--TOPICAL TERM
Topical term or geographic name entry element Lead
General subdivision Bioaccumulation
700 1# - ADDED ENTRY--PERSONAL NAME
Personal name Pati, Romeo C.
Relator term adviser
856 ## - ELECTRONIC LOCATION AND ACCESS
Materials specified Online Request for Student Unpublished Works
Uniform Resource Identifier <a href="https://forms.gle/7LqvGGkaDrUQqz429">https://forms.gle/7LqvGGkaDrUQqz429</a>
942 ## - ADDED ENTRY ELEMENTS (KOHA)
Source of classification or shelving scheme Library of Congress Classification
Koha item type Theses and dissertations

No items available.

University of Rizal System
Email us at univlibservices@urs.edu.ph

Visit our Website www.urs.edu.ph/library